书目信息 |
| 题名: |
重装系统一条龙
|
|
| 作者: | 彭爱华 编著 | |
| 分册: | ||
| 出版信息: | 济南 山东电子音像出版社 2005.07 |
|
| 页数: | 273页 | |
| 开本: | 26cm | |
| 丛书名: | 征服Windows系列 | |
| 单 册: | ||
| 中图分类: | TP316.7 | |
| 科图分类: | ||
| 主题词: | 窗口软件--chuang kou ruan jian--基本知识 | |
| 电子资源: | ||
| ISBN: | 7-89491-211-5 | |
| 000 | 01139nam 2200289 450 | |
| 001 | CAL 012005140351 | |
| 005 | 20060605095222.32 | |
| 010 | @a7-89491-211-5@dCNY 22.00 | |
| 010 | @a7-89491-211-5@b光盘 | |
| 099 | @aCAL 012005140351 | |
| 100 | @a20050808d2005 em y0chiy0121 ea | |
| 101 | 0 | @achi |
| 102 | @aCN@b370000 | |
| 200 | 1 | @a重装系统一条龙@Achong zhuang xi tong yi tiao long@e单/多系统安装重装与数据备份万用手册@f彭爱华编著 |
| 210 | @a济南@c山东电子音像出版社@d2005.07 | |
| 215 | @a273页@c图@d26cm@e光盘1片 | |
| 225 | 2 | @a征服Windows系列@Azheng fu windows xi lie |
| 330 | @a本书共分八章,内容包括:Windows系统崩溃急救入门、系统与软件的备份与恢复、系统重装前的准备工作、单操作系统的安装、多操作系统的安装与卸载等。 | |
| 410 | 0 | @12001 @a征服Windows系列 |
| 517 | 1 | @a单/多系统安装重装与数据备份万用手册@Adan / duo xi tong an zhuang chong zhuang yu shu ju bei fen wan yong shou ce |
| 606 | 0 | @a窗口软件@Achuang kou ruan jian@x基本知识 |
| 690 | @aTP316.7@v4 | |
| 701 | 0 | @a彭爱华@Apeng ai hua@4编著 |
| 801 | 2 | @aCN@bECN@c20060605 |
| 801 | 0 | @aCN@bSG02@c20050812 |
| 905 | @dTP316.7@eP442 | |
| 906 | @dCNY 22.00@n3@r1 | |
| 重装系统一条龙:单/多系统安装重装与数据备份万用手册/彭爱华编著.-济南:山东电子音像出版社,2005.07 |
| 273页:图;26cm+光盘1片.-(征服Windows系列) |
| ISBN 7-89491-211-5:CNY 22.00 |
| 本书共分八章,内容包括:Windows系统崩溃急救入门、系统与软件的备份与恢复、系统重装前的准备工作、单操作系统的安装、多操作系统的安装与卸载等。 |
| ● |
| 相关链接 |
|
|
|
正题名:重装系统一条龙
索取号:TP316.7/P442
 
预约/预借
| 序号 | 登录号 | 条形码 | 馆藏地/架位号 | 状态 | 备注 |
| 1 | 607869 | 206078698 | 自科二线404/301自科库 81排2列1层/ [索取号:TP316.7/P442] | 在馆 | |
| 2 | 607870 | 206078705 | 自科库301/301自科库 87排2列5层/ [索取号:TP316.7/P442] | 在馆 | |
| 3 | 607871 | 206078714 | 自科库301/301自科库 87排2列5层/ [索取号:TP316.7/P442] | 在馆 |